Sucinya hati kakak

Bibliographic Details
Main Author: Sailey Azizah
Format: Book
Published: Selangor : Eddiplex , 2005
Series:Siri kisah nyata
Subjects:

MARC

LEADER 00000cam a2200000 7i4500
001 0000000388
005 20160330.0
008 070702
020 |a 9838806684(set) 
020 |a 9838806717 
090 0 0 |a SAI   |b MAL 
100 0 |a Sailey Azizah 
245 1 0 |a Sucinya hati kakak   |c Sailey Azizah 
260 |a Selangor :   |b Eddiplex ,   |c 2005 
440 0 |a Siri kisah nyata 
500 |a Teenager ages 13-18 years old (blue) 
650 0 |a Malay fiction 
999 |a 0000959058   |b Book   |c Teenagers   |e Cawangan Bukit Gambir 
999 |a 0000959441   |b Book   |c Teenagers   |e Cawangan Pontian 
999 |a 0000959442   |b Book   |c Teenagers   |e Cawangan Batu Pahat 
999 |a 0000959443   |b Book   |c Teenagers   |e Cawangan Pontian 
999 |a 0000959444   |b Book   |c Teenagers   |e Cawangan Sri Merlong 
999 |a 0000959445   |b Book   |c Teenagers   |e Cawangan Sri Merlong